| 000 | 00873cam a22002893a 4500 | ||
|---|---|---|---|
| 001 | 39270 | ||
| 003 | PGUSA | ||
| 005 | 20140828083855.0 | ||
| 008 | 120326s2012||||xxu|||||s|||||000 1 eng d | ||
| 040 |
_aPGUSA _beng |
||
| 042 | _adc | ||
| 050 | 4 | _aPR | |
| 100 | 1 |
_aSterne, Laurence, _d1713-1768 |
|
| 245 | 1 | 4 |
_aThe Life and Opinions of Tristram Shandy, Gentleman _h[electronic resource] / _cLaurence Sterne |
| 260 |
_bProject Gutenberg, _c2012 |
||
| 506 | _aPublic domain in the USA. | ||
| 516 | _aElectronic text | ||
| 653 | _aExperimental fiction | ||
| 653 | _aStream of consciousness fiction | ||
| 653 | _aInfants -- Fiction | ||
| 653 | _aFiction -- Authorship -- Fiction | ||
| 653 | _aFetus -- Fiction | ||
| 700 | 1 |
_aSaintsbury, George, _d1845-1933 |
|
| 830 | 0 |
_aProject Gutenberg _v39270 |
|
| 856 | 4 | 0 | _uhttp://www.gutenberg.org/ebooks/39270 |
| 942 | _cEB | ||
| 999 |
_c268523 _d268523 |
||